000 00213nam a2200097Ia 4500
008 220204s9999 xx 000 0 und d
082 _a82-3
_bKEM
100 _aKemal, Yashar
245 0 _aMemed my hawk
942 _cBK
999 _c32150
_d32150